Manual of traffic engineering studies (Record no. 33603)

000 -LEADER
fixed length control field 00526nam a22001937a 4500
001 - CONTROL NUMBER
control field 33603
003 - CONTROL NUMBER IDENTIFIER
control field BD-DhUET
008 - FIXED-LENGTH DATA ELEMENTS--GENERAL INFORMATION
fixed length control field 150917b xxu||||| |||| 00| 0 eng d
040 ## - CATALOGING SOURCE
Transcribing agency DLC
Modifying agency BD-DhUET
082 ## - DEWEY DECIMAL CLASSIFICATION NUMBER
Classification number 388.312
Item number CLE/1964
100 ## - MAIN ENTRY--PERSONAL NAME
Personal name Cleveland, Donald E.
245 ## - TITLE STATEMENT
Title Manual of traffic engineering studies
250 ## - EDITION STATEMENT
Edition statement 3rd ed.
260 ## - PUBLICATION, DISTRIBUTION, ETC. (IMPRINT)
Place of publication, distribution, etc. Woshington .D. C.
Name of publisher, distributor, etc. Institute of traffic Engineers
Date of publication, distribution, etc. 1964
300 ## - PHYSICAL DESCRIPTION
Extent xii, 187 p.
Other physical details ill
504 ## - BIBLIOGRAPHY, ETC. NOTE
Bibliography, etc Includes bibliographies
650 #0 - SUBJECT ADDED ENTRY--TOPICAL TERM
Topical term or geographic name as entry element Traffic engineering
942 ## - ADDED ENTRY ELEMENTS (KOHA)
Koha item type Edited Book
Holdings
Sublocation or collection (holding branch) Koha full call number Date acquired Location (home branch) Copy number Withdrawn status Damaged status Shelving location Koha normalized classification for sorting Lost status Koha item type Source of classification or shelving scheme Not for loan Koha date last seen Piece designation (barcode) Price effective from
Central Library, BUET388.312/CLE/19642015-09-17Central Library, BUET1  Reference section388_312000000000000_CLE_1964 Edited Book  2015-09-17843622015-09-17
Central Library, BUET388.312/CLE/19642017-03-12Central Library, BUET2  Circulation section388_312000000000000_CLE_1964 Edited Book  2017-03-25221302017-03-12
Central Library, BUET388.312/CLE/19642017-03-12Central Library, BUET3  Circulation section388_312000000000000_CLE_1964 Edited Book  2017-03-12221282017-03-12
Central Library, BUET388.312/CLE/19642017-03-12Central Library, BUET4  Circulation section388_312000000000000_CLE_1964 Edited Book  2017-03-12221262017-03-12
Central Library, BUET388.312/CLE/19642017-03-12Central Library, BUET5  Circulation section388_312000000000000_CLE_1964 Edited Book  2017-03-12221272017-03-12
Central Library, BUET388.312/CLE/19642017-03-12Central Library, BUET6  Circulation section388_312000000000000_CLE_1964 Edited Book  2017-03-12221292017-03-12